000 00835nam a2200193Ia 4500
008 0000001996 usa 0000000000eng00
090 _aPPR00 M67f
100 1 _aMorgan, Robert C.
245 1 0 _aFernando Colón González
_c/ essay by Robert C. Morgan
300 _a[12] p.
_c/ 20 cm.
500 _aExposición realizada en Howard Scott M13 Gallery de Nueva York \ Texto en inglés \ Con el patronazgo del maestro venezolano Jesús Rafael Soto (q.e.p.d.) \ Registro auspiciado por el IDCT. Bogotá
600 0 0 _a COLON GONZALEZ, FERNANDO, 1966/
_xTRABAJOS PICTORICOS
650 1 4 _a PINTURA PUERTORRIQUEÑA
650 1 4 _aARTE CONTEMPORANEO PUERTORRIQUEÑO
650 1 4 _aARTISTAS PLASTICOS PUERTORRIQUEÑOS
650 1 4 _xCATALOGOS
650 1 4 _xEXPOSICIONES
999 _c3931
_d3931
260 _aNew York : Howard Scott M13 Gallery
_c1996